A római villa konstrukciója ifjabb Plinius és Lucius Columella írásaiban [absztrakt] /

Elmentve itt :
Bibliográfiai részletek
Szerző: Ormos Bálint
Testületi szerző: Szegedi Történészhallgatók Egyesületének konferenciája (4.)
Dokumentumtípus: Könyv része
Megjelent: Belvedere Meridionale Szeged 2022
Sorozat:Szegedi Történészhallgatók Egyesületének Konferenciái 4
Kulcsszavak:Gazdasági élet - Római Birodalom - előadáskivonat
Tárgyszavak:
Online Access:http://acta.bibl.u-szeged.hu/86238
LEADER 00963naa a2200217 i 4500
001 acta86238
005 20250113072453.0
008 250113s2022 hu o 100 hun d
020 |a 978-615-6060-59-4 
040 |a SZTE Egyetemi Kiadványok Repozitórium  |b hun 
041 |a hun 
100 1 |a Ormos Bálint 
245 1 2 |a A római villa konstrukciója ifjabb Plinius és Lucius Columella írásaiban   |h [elektronikus dokumentum] :  |b [absztrakt] /  |c  Ormos Bálint 
260 |a Belvedere Meridionale  |b Szeged  |c 2022 
300 |a 27 
490 0 |a Szegedi Történészhallgatók Egyesületének Konferenciái  |v 4 
650 4 |a Bölcsészettudományok 
650 4 |a Történettudomány és régészet 
695 |a Gazdasági élet - Római Birodalom - előadáskivonat 
711 |a Szegedi Történészhallgatók Egyesületének konferenciája (4.)  |c Szeged  |d 2022. április 7-8. 
856 4 0 |u http://acta.bibl.u-szeged.hu/86238/1/SZETE_absztraktkotet_004_027.pdf  |z Dokumentum-elérés